000 00977nmc a2200361 a 4500
003 AR-BaBNM
005 20251128205448.0
008 011101s1997 ||||||||||||||000 | spa||
020 _a84-7827-156-2
040 _cAR-BaBNM
245 1 0 _aEl constructivismo en el aula
250 _a6ª ed.
260 _aBarcelona
_bGraó
_c1997
300 _a183 p.
_btablas, diagr.
490 0 _aPedagogía
_vv. 111
500 _aContiene referencias bibliográficas al final de cada capítulo
650 4 _aTEORIAS DEL APRENDIZAJE
650 4 _aCONOCIMIENTO
650 4 _aCURRICULO
650 4 _aDIDACTICA
650 4 _aEVALUACION
650 4 _aCRITERIOS DE EVALUACION
653 _aCONSTRUCTIVISMO
653 _aPROCESO DE ENSENANZA-APRENDIZAJE
700 1 _aColl, César
700 1 _aMartín, Elena
700 1 _aMauri, Teresa
700 1 _aMiras, Mariana
700 1 _aOnrubia, Javier
700 1 _aSolé Gallart, Isabel
942 _cBK
998 _csilvi
999 _c11501
_d11501